| 000 | 01125cam a22001934a 4500 | ||
|---|---|---|---|
| 005 | 20250605164141.0 | ||
| 008 | 250528s ||||||||||||||||||||||||d | ||
| 035 | _a18973 | ||
| 020 | _a9602606782 | ||
| 040 |
_aGR-AtMCL _bgre _dGR-AtMCL _eAACR2 |
||
| 245 | 1 | _aΒασικές Έννοιες της Ιστορίας της Τέχνης / Το Πρόβλημα της Εξέλιξης του Στιλ στη Νεότερη Τέχνη | |
| 260 |
_bΠαρατηρητής, _c1992 |
||
| 300 | _a304 | ||
| 520 | _aΤο παρόν βιβλίο γονιμοποίησε και καθόρισε την πορεία των πνευματικών επιστημών και κάθε ενδιαφέροντος για την τέχνη. Εισαγωγή, Γραμμικό και Ζωγραφικό, Επιφάνεια και Βάθος, Κλειστή και Ανοιχτή Φόρμα, Ενότητα και Πολλαπλότητα, Απόλυτη και Σχετική Σαφήνεια, Επίλογος, Ευρετήριο Εικόνων. | ||
| 700 | 1 |
_aWolfflin Heinrich _95252 |
|
| 942 | _cBK | ||
| 999 |
_c4266 _d4266 |
||